| Tag |
First Indicator |
Second Indicator |
Subfields |
| LEADER |
00000cam a2200000 a 4500 |
| 001 |
in00001476621 |
| 005 |
20151021062131.0 |
| 008 |
980701s1999 njua b 001 0 eng |
| 010 |
|
|
|a 98034875
|
| 020 |
|
|
|a 069105827X (cloth : alk. paper)
|
| 035 |
|
|
|a (OCoLC)39464979
|
| 035 |
|
|
|9 AJG0920AM
|
| 040 |
|
|
|a DLC
|c DLC
|d C#P
|d TXA
|d UtOrBLW
|
| 049 |
|
|
|a TXAM
|
| 050 |
0 |
0 |
|a HG3756.U54
|b C35 1999
|
| 082 |
0 |
0 |
|a 332.7/0973
|2 21
|
| 100 |
1 |
|
|a Calder, Lendol Glen.
|
| 245 |
1 |
0 |
|a Financing the American dream :
|b a cultural history of consumer credit /
|c Lendol Calder.
|
| 264 |
|
1 |
|a Princeton, N.J. :
|b Princeton University Press,
|c [1999]
|
| 264 |
|
4 |
|c ©1999
|
| 300 |
|
|
|a xv, 377 pages :
|b illustrations ;
|c 25 cm.
|
| 336 |
|
|
|a text
|b txt
|2 rdacontent
|
| 337 |
|
|
|a unmediated
|b n
|2 rdamedia
|
| 338 |
|
|
|a volume
|b nc
|2 rdacarrier
|
| 500 |
|
|
|a Revision of author's thesis (doctoral)--University of Chicago, 1993.
|
| 504 |
|
|
|a Includes bibliographical references (pages 305-364) and index.
|
| 650 |
|
0 |
|a Consumer credit
|z United States
|x History.
|
| 650 |
|
0 |
|a Consumption (Economics)
|z United States
|x History.
|
| 650 |
|
0 |
|a Consumers
|z United States
|x History.
|
| 948 |
|
|
|a c:jal
|
| 999 |
|
|
|a MARS
|
| 999 |
f |
f |
|s ab513fdf-611f-3f14-829e-9f10bf4a19ac
|i 2dbbabc7-8e4a-300d-af87-1091a91d9525
|t 0
|
| 952 |
f |
f |
|p ric
|a Texas A&M University
|b Rellis Campus
|c Joint Library Facility
|d Remote Storage
|t 0
|e HG3756.U54 C35 1999
|h Library of Congress classification
|i unmediated -- volume
|m A14824103487
|
| 998 |
f |
f |
|a HG3756.U54 C35 1999
|t 0
|l Remote Storage
|